MCU characters by picture 1 - Statistics

General Stats
  • This quiz has been taken 49 times
  • The average score is 15 of 16
Answer Stats
Picture Answer % Correct
Captain America
100%
Iron Man
100%
The Hulk
100%
Black Panther
98%
Black Widow
98%
Spiderman
98%
Thor
98%
Ant Man
96%
Doctor Strange
96%
Hawkeye
96%
Vision
91%
Falcon
89%
Scarlet Witch
89%
The Winter Soldier
87%
War Machine
85%
Quicksilver
72%
No matching quizzes found
Score Distribution
Percent of People with Each Score
Percentile by Number Answered
Your Score History
You have not taken this quiz